| 000 | 01387cam a22003737a 4500 | ||
|---|---|---|---|
| 003 | CHAP | ||
| 005 | 20220329142208.0 | ||
| 008 | 000207d1999 mx r 00110 spa d | ||
| 010 | _a79772 | ||
| 011 | _a80744 | ||
| 035 | _a91198 | ||
| 040 | _cCHAP | ||
| 090 | _aTesis | ||
| 100 | 0 | 0 |
_aCastellanos Rosales, Altagracia. _920018 |
| 245 | 1 | 0 |
_aProducción e industrialización de la leche y comercialización del queso. caso de estudio : _bEl Tanque, Cuencamé Durango _c/1999. |
| 260 |
_aChapingo, Méx. : _bEl autor, _c1999. |
||
| 300 |
_a83 h. : _bgráfs. ; cuadros |
||
| 502 | _aTesis (Lic. en Economía Agrícola) -- UACH. División de Ciencias Económico Administrativas | ||
| 590 |
_aALEPH _b10 _c20130110 _lUCH01 _h1433 |
||
| 590 |
_aBATCH-UPD _b10 _c20130109 _lUCH01 _h2349 |
||
| 590 |
_aBATCH-UPD _b10 _c20130110 _lUCH01 _h0555 |
||
| 590 |
_aBATCH-UPD _b10 _c20130410 _lUCH01 _h0237 |
||
| 590 |
_aBATCH-UPD _b10 _c20130914 _lUCH01 _h0856 |
||
| 590 |
_aCONVERSION _b10 _c20130109 _lUCH01 _h1344 |
||
| 650 | 1 | 4 |
_aIndustria lechera _zDurango. _957868 |
| 650 | 1 | 4 |
_aLeche _xProducción. _965400 |
| 650 | 1 | 4 |
_aQueso _xMercadeo. _993230 |
| 901 | _aBK | ||
| 905 | _aAlejandra Carrasco M. | ||
| 942 | _cFOLL | ||
| 949 |
_bBC _cTES _d33724000735601 _eTS2 _fc.2 _h34343 _i91198 _si |
||
| 949 |
_bBC _cTES _d33724000762092 _eTS2 _fc.3 _h35928 _i91198 _sb |
||
| 949 |
_bBC _cTES _d911981 _eTS1 _h34342 _i91198 _sb |
||
| 999 |
_c79772 _d79772 |
||